01782 a2200337 45000010006000000050017000060080041000230030015000640400040000790800035001192450023001540200022001772640033001993000024002325050761002560410008010171000029010257000027010547000025010817000031011067000019011377000023011567000020011797000030011997000027012297000021012567000019012777000021012967000024013178560103013413456220260407155632.0260407a2007 arg spa dAR-UNSa-BCEJYS aAR-UNSa-BCEJYSbspacAR-UNSa-BCEJYS a657.47xContabilidad de Costos10aSistemas de costos a978-987-03-1068-6 1aBuenos Aires :bLa Leyc2007 axxx, 802 p.c24 cm. a1. Costos - 2. Ciclo contable del costo y el resultado. Estado e informes de costos y resultados - 3. Técnicas y métodos de determinación de costos - 4. Costeo de productos, funciones y actividades - 5. Costos por procesos - 6. Costos conjuntos - 7. Costos estándar - 8. Presupuesto operativo con inflación - 9. Costos financieros - 10. Precios de transferencias - 11. Los costos y la valuación de actividades - 12. Costeo de productos - 13. Un sistema integral informativo para la contabilidad y el control de gestión - 14. El punto de equilibrio con multiproductos - 15. Gastos comerciales y la cadena de abastecimientos. Los costos de logística - 16. Gerenciamiento estratégico de costos: Aplicación de costos al fútbol profesional aspa1 aGiménez, Carlos Manuel1 aBarattero, Ana María1 aBursesi, Néstor H.1 aCarratalá, Juan Martín1 aCarro, Roberto1 aCuyumgian, Eduardo1 aGaudino, Ovidio1 aLópez Couceiro, Edmundo1 aFont de Malugani, Elba1 aMacrini, Domingo1 aMendina, Oscar1 aSota, Aldo Mario1 aSota, Gustavo Ariel41uhttps://biblioeco.unsa.edu.ar/pmb/images/libros/sistemasDcostos.jpgyImagen de portadaqimage/jpeg